00661nam a2200205Ia 4500008004100000020001400041020001800055020001800073040001800091041000800109100001200117245006200129260004600191300003600237504003900273650002700312650001500339650005300354650004800407130821s1996 enka gr eng  a262193663 a9780262193665 a9780262691796 aCo-BoUCMbspa00aeng1 aShy, Oz10aIndustrial organization theory and applicationscOz Shy. aLondres (Inglaterra)bThe MIT Pressc1996 axxii, 466 páginasbgráficas aIncluye bibliografía e índice.04aEconomía del trabajo04aEconomía04aOrganización industrial (Teoría económica)04aOrganización industrialvEstudio de casos